000 00332 a2200145 4500
001 156355
020 _a8585193042
040 _cEscola São Tomás de Aquino
240 1 0 _aEscola Santo Tomás de Aquino
_lpor
245 1 0 _aEscola Santo Tomás de Aquino
300 _a128
362 0 _a2004
697 _aEducação
942 _cBK
999 _c156355
_d156355